| 000 | 01329nam0a22003731 4500 | ||
|---|---|---|---|
| 001 | RU\INFOCOMM_322\NLR\5000241107 | ||
| 005 | 20250613112535.0 | ||
| 035 | _a(NLR Aleph) 009612906 | ||
| 090 |
_a9383433 _c9383433 |
||
| 100 | _a20130318d1977 |||y0rusy50 ca | ||
| 101 | 0 | _aeng | |
| 102 | _aRU | ||
| 105 | _ay z ||||| | ||
| 200 | 1 |
_aLarge-angle hadron elastic scattering in the quark model with factorizability assumption _fA. F. Pashkov, N. B. Skachkov, I. L. Solovtsov |
|
| 210 |
_aДубна _d1977 |
||
| 215 |
_a8 с. _cграф. _d22 см |
||
| 225 | 1 |
_a[Издания] _fОбъед. ин-т ядерных исследований _vE2-10462 |
|
| 300 | _aРез. на рус. яз. | ||
| 320 | _aБиблиогр.: с. 8 | ||
| 606 | 0 |
_aАдроны _xРассеяние упругое _2nlr_sh1 |
|
| 606 | 0 |
_aЧастицы (физ.) _xМодели кварков _2nlr_sh1 |
|
| 686 |
_aВ382.145 _2rubbk |
||
| 686 |
_aВ382.3 _2rubbk |
||
| 700 | 1 |
_9z01790 _aPaškov _bA. F. |
|
| 701 | 1 |
_9z02790 _aSkačkov _bN. B. |
|
| 701 | 1 |
_9z03790 _aSolovcov _bI. L. |
|
| 790 | 1 |
_9z01700 _aPashkov _bA. F. _4070 |
|
| 790 | 1 |
_9z02701 _aSkachkov _bN. B. _4070 |
|
| 790 | 1 |
_9z03701 _aSolovtsov _bI. L. _4070 |
|
| 801 | 1 |
_aRU _bInfocomm _c20130318 |
|
| 801 | 0 |
_aRU _bINFOCOMM _gPSBO |
|
| 852 |
_aNLR _jП11/2061 |
||
| 942 | _cBOOK | ||
| 980 | _aNB | ||